As três maiores cidades de cada país da Europa - Statistics

Estatísticas Gerais
  • Esse quiz foi jogado 257 vezes
  • A pontuação média é 41 de 131
Estatísticas das Respostas
# Cidades % Correto
1 Berlim
93%
1 Lisboa
93%
1 Madri
91%
2 Barcelona
89%
1 Paris
87%
1 Londres
86%
1 Bruxelas
83%
1 Roma
83%
1 Viena
83%
1 Atenas
82%
1 Moscou
81%
2 Milão
80%
3 Munique
79%
1 Praga
78%
1 Dublin
77%
1 Oslo
77%
1 Amsterdã
76%
1 Mônaco
76%
1 Sófia
75%
1 Kiev
74%
1 Zagreb
74%
1 Budapeste
73%
1 Estocolmo
73%
1 Luxemburgo
72%
1 Varsóvia
72%
1 Vaticano
72%
1 Tirana
71%
1 Bucareste
70%
1 Copenhague
70%
1 Minsk
67%
3 San Marino
63%
3 Lyon
62%
2 Marselha
62%
1 Andorra-a-Velha
60%
2 São Petersburgo
60%
3 Valência
60%
1 Sarajevo
59%
1 Tallinn
58%
1 Belgrado
57%
1 Zurique
57%
1 Liubliana
55%
3 Nápoles
55%
1 Riga
55%
2 Roterdã
55%
1 Bratislava
53%
2 Hamburgo
51%
1 Vilnius
50%
2 Vaduz
48%
2 Cracóvia
46%
2 Birmingham
38%
3 Glasgow
38%
2 Antuérpia
34%
1 Helsinki
33%
2 Donetsk
32%
2 Genebra
32%
3 Malmo
29%
3 Haia
28%
1 Skopje
22%
2 Gotemburgo
20%
2 Split
18%
2 Cork
17%
3 Vila Nova de Gaia
17%
2 Maribor
14%
2 Tessalônica
14%
3 Basileia
13%
3 Linz
13%
2 Monte-Carlo
13%
3 Odessa
13%
2 Graz
12%
1 Reiquiavique
12%
2 Sintra
11%
2 Bergen
10%
2 Brno
10%
2 Tiraspol
9%
2 Tampere
8%
3 Varna
8%
3 Limerick
7%
3 Lodz
7%
3 Ostrava
7%
2 Cluj-Napoca
6%
2 Durrës
6%
3 Gante
6%
2 Kaunas
6%
3 Odense
6%
2 Plovdiv
6%
3 Turku
6%
3 Klaipėda
5%
3 Rijeka
5%
2 Aarhus
4%
2 Banja Luka
4%
3 Mosta
4%
2 Novi Sad
4%
3 Patras
4%
2 Tartu
4%
3 Timișoara
4%
3 Vlorë
4%
2 Daugavpils
3%
2 Debrecen
3%
2 Košice
3%
3 Narva
3%
1 Quixinau
3%
3 Trondheim
3%
1 Birkirkara
2%
3 Celje
2%
2 Esch-sur-Alzette
2%
2 Gomel
2%
3 Miskolc
2%
2 Nikšić
2%
3 Niš
2%
3 Novosibirsk
2%
1 Serravalle
2%
3 Tuzla
2%
3 Bălţi
1%
2 Bitola
1%
2 Borgo Maggiore
1%
3 Differdange
1%
2 Escaldes-Engordany
1%
3 Hafnarfjordur
1%
2 Kópavogur
1%
3 Liepāja
1%
3 Pljevlja
1%
1 Podgoritza
1%
3 Prešov
1%
2 Qormi
1%
3 Sant Julià de Lòria
1%
1 Schaan
1%
3 Triesen
1%
3 Kumanovo
0%
3 La Condamine
0%
3 Mahilou
0%
2 Nova
0%
Nenhum quiz correspondente encontrado
Distribuição das Pontuações
Porcentagem de Pessoas com Cada Pontuação
Percentil de Números Respondidos
Sua Pontuação Histórica
Você não jogou esse quiz